| 000 | 01703cam a2200529 a 4500 | ||
|---|---|---|---|
| 001 | 22279 | ||
| 003 | VRT | ||
| 005 | 20260324163136.0 | ||
| 008 | 240315s2015 xo g 000 f slo | ||
| 015 | _aSNBA2015/12 | ||
| 020 |
_a9788055127286 _q(viaz.) |
||
| 035 | _a33AD5C34-5BDF-471D-A2BE-2826A4C5E95A | ||
| 035 | _aurn:nbn:sk:snk-aml4lu | ||
| 035 | _aurn:nbn:sk:snk-am008wjb | ||
| 039 | 9 |
_a202403151747 _bVLOAD _c202110121333 _dAUTHORITY _c201606101644 _dVLOAD _c201604300456 _dVLOAD |
|
| 040 |
_aTTKJF _bslo _cTTKJF _dSVKBB _dSNK _eAACR2 |
||
| 041 | 1 |
_aslo _hpor |
|
| 044 |
_axo _cSK |
||
| 072 | 7 |
_a821.134.3 _xPortugalská literatúra _2konspekt |
|
| 080 |
_a821.134.3(81)-31 _22001 |
||
| 100 | 1 |
_aCoelho, Paulo, _d1947- _4aut |
|
| 240 | 1 | 3 |
_aAs Valkírias _lSlovensky |
| 245 | 1 | 0 |
_aValkýry _cPaulo Coelho ; preložila Jana Benková Marcelliová |
| 250 | _a1. vyd. | ||
| 260 |
_aBratislava _bIkar _c2015 |
||
| 300 |
_a215 s. _c21 cm |
||
| 655 | 7 |
_abrazílske romány _2SNKPH |
|
| 655 | 7 |
_aBrazilian fiction _2SNKPHeng |
|
| 700 | 1 |
_aBenková Marcelliová, Jana, _d1979- _4trl |
|
| 910 | _attkjf | ||
| 910 | _apokpoh | ||
| 910 | _asnk | ||
| 910 | _askpk | ||
| 910 | _asvkbb | ||
| 910 | _ahevk | ||
| 910 | _abjkdg | ||
| 910 | _avthk | ||
| 910 | _apppk | ||
| 910 | _asllk | ||
| 942 |
_2ddc _cKLDO _n0 |
||
| 949 |
_617A1169246 _asnkSC 165771 _bsnk2015/23590 _o1712/15 _s6100:20160105 |
||
| 949 |
_6270001000506514 _asvkbbA 145569 _bsvkbbm 755659 |
||
| 949 |
_62889305090 _asavukM 117236 _bsavuk2015/3327 |
||
| 949 |
_617A1173301 _asnkSC 165771 D1 _bsnk2015/29170 _o1712/15 |
||
| 949 |
_6273K0598600 _asvkpoA 228429 _bsvkpo594894 |
||
| 999 |
_c22279 _d22279 |
||